00397nmm a2200145Ia 4500008004100000020001800041041000800059100002100067245002400088264004400112300001800156490001400174650001200188856005100200251105s9999||||xx |||||||||||||||||und|| a9788490109632 aspa aRogers, Rosemary 0aEl precio del honor a[Madrid, España] :bHarlequin, c2012 a432 páginas aTop Novel aRomance uhttps://public.digitaliapublishing.com/a/50156